000 01081nam a22003137a 4500
001 0011324
003 KOHA_MİRAKIL
005 20260207001813.0
007 ta
008 091209b2001 tu |||gr||||#0|||1|tur |
020 _a9757731293
040 _aTR-BiSEU
_btur
_cTR-BiSEU
_erda
041 0 _atur
044 _ctu
050 _aPE1498
_b.B69 2001
100 1 _aBoztaş, İsmail.
240 1 0 _aa guidebook for english translation
_lTürkçe
245 1 _aİngilizce çeviri kılavuzu :
_b3600 kelimelik Türkçe-İngilizce temel sözlük =
_ba guidebook for english translation/
_cİsmail Boztaş ; İsmail Boztaş, Ziya Aksoy, Ahmet Kocaman.
264 1 _aAnkara :
_bHacettepe-Taş
_c2001
300 _a489 sayfa; 24 cm.
336 _ametin
_btxt
_2rdacontent
337 _aaracısız
_bn
_2rdamedia
338 _acilt
_bnc
_2rdacarrier
650 0 _aEnglish language--Translating into Turkish.
_927590
650 0 _aTurkish language--Translating into English.
_927591
650 0 _aİngiliz dili--Türkçe çevirisi.
_927592
907 _aDil
942 _2lcc
_cBK
999 _c11293
_d11293